000 01130nam a2200229 a 4500
001 000509414
003 AM-YeHGA
005 20250618072715.0
008 061117s1948 ai |||||||||||||||0|arm|d
040 _aAM-YeHGA
041 0 _aarm
100 1 _aԿարինյան, Արտաշես Բալասիի,
_d1886-1982
_92595
245 1 0 _aՌուս գրականության նշանակությունը սովետահայ գրականության համար /
_cԱ. Կարինյան ; ՀՍՍՌ ԳԱ Մ. Աբեղյանի անվ. գրակ. ին-տ.
260 _aԵրևան :
_bՀՍՍՌ ԳԱ,
_c1948.
300 _a[44] էջ
500 _aԱռանձնատիպ. «Սովետական գրականության պրոբլեմները» ժողովածուից, 1948 թ., էջ՝ 203-245
650 1 2 _aԳրականագիտություն
_xՍովետահայ գրականություն
710 2 _aԳրականության ինստիտուտ Մ. Աբեղյանի անվան ՀՍՍՌ ԳԱ
856 4 1 _uhttps://arar.sci.am/dlibra/publication/399445/edition/369629/content
_yԿարդալ առցանց
942 _2udc
_cBK
090 _c190679
999 _c189211
_d189211